Měnová politika pro příští století: ECB nebo FED?

Európska centrálna banka. Federálny rezervný systém. Vývoj inflácie v eurozóne a USA.

Gespeichert in:
Bibliographische Detailangaben
1. Verfasser: Marek, David
Format: Buchkapitel
Sprache:Tschechisch
Schlagworte:
Tags: Tag hinzufügen
Keine Tags, Fügen Sie das erste Tag hinzu!

MARC

LEADER 00000naa a2200000 4500
001 0247755
005 20221104110515.5
041 0 |a cze 
044 |a CZ 
245 1 0 |a Měnová politika pro příští století: ECB nebo FED?  |c David Marek 
520 |a Európska centrálna banka. Federálny rezervný systém. Vývoj inflácie v eurozóne a USA. 
610 2 0 |a eurozóna 
610 2 0 |a Európska centrálna banka 
610 2 0 |a politika menová 
610 2 0 |a inflácia 
610 2 0 |a USA 
100 1 |a Marek, David